| 000 | 01880nam a2200301 i 4500 | ||
|---|---|---|---|
| 003 | DO-SdBNP | ||
| 005 | 20251021102458.0 | ||
| 007 | ta | ||
| 008 | 100909s2006 dr ad r 000 0 spa d | ||
| 040 |
_aDO-SdBNP _bspa _cBNPHU _erda |
||
| 041 | _aspa | ||
| 082 | 4 |
_a352.48 _bR426i 2006 _222 |
|
| 110 | 1 |
_aRepública Dominicana. _bSecretaría de Estado de Hacienda. _bDirección General de Presupuesto _932266 |
|
| 245 | 1 | 0 |
_aInforme de ejecución presupuestaria año 2006 / _cdirector nacional, Luis A. Hernández G. |
| 264 | 1 |
_aSanto Domingo : _bSecretariado Técnico de la Presidencia, _bDirección General de Presupuesto, _c2006. |
|
| 300 |
_a723 p. : _bil., cuadros, gráficos ; _c28 cm. |
||
| 336 |
_atexto _btxt _2rdacontent |
||
| 337 |
_asin mediación _bn _2rdamedia |
||
| 338 |
_avolumen _bnc _2rdacarrier |
||
| 505 | _aAdministración central -- Informe sobre los ingresos -- Gobierno Central -- Información general sobre los egresos -- Estado de ejecución de fondos -- Ejecución del gasto consolidado por capitulo, dependencia, DAF, UE, y objeto -- Sector descentralizado y autónomo -- Análisis comparativo de la ejecución presupuestaria del sector descentralizado y autónomo -- Ejecución de cada institución descentralizada o autónomo sector descentralizado y autónomo -- Instituciones de la seguridad social -- Instituciones descentralizadas del gobierno locales -- Empresas públicas no financieras -- Instituciones públicas financieras monetarias -- Instituciones públicas no monetarias. | ||
| 590 | _aInventariado, 2020/VM | ||
| 650 | 4 |
_aPresupuesto _zRepública Dominicana _97940 _y2007 |
|
| 650 | 4 |
_aHacienda pública _zRepública Dominicana _96562 |
|
| 650 | 7 |
_aGastos públicos _zRepública Dominicana _y2007 _950808 |
|
| 700 | 1 |
_a Hernández G, Luis A., _edirector _93496 |
|
| 910 | _aVMateo /Validado. Control de calidad MFF | ||
| 942 |
_2ddc _cLBS1 |
||
| 999 |
_c49247 _d49247 |
||